C3,C4 Mechanisms and cellular environmental regulation of photosynthesis (Record no. 37157)

MARC details
000 -LEADER
fixed length control field 00578nam a2200217Ia 4500
082 ## - DEWEY DECIMAL CLASSIFICATION NUMBER
Classification number 581.132
Item number EDW
100 ## - MAIN ENTRY--AUTHOR NAME
Personal name EDWARDS, Gerry
245 #0 - TITLE STATEMENT
Title C3,C4 Mechanisms and cellular environmental regulation of photosynthesis
260 ## - PUBLICATION, DISTRIBUTION, ETC. (IMPRINT)
Place of publication London
Name of publisher Blackwell
650 ## - SUBJECT ADDED ENTRY--TOPICAL TERM
Topical Term ATP
650 ## - SUBJECT ADDED ENTRY--TOPICAL TERM
Topical Term C3 C4 mechanism
650 ## - SUBJECT ADDED ENTRY--TOPICAL TERM
Topical Term Crassulacean acid metabolism
650 ## - SUBJECT ADDED ENTRY--TOPICAL TERM
Topical Term Energy
650 ## - SUBJECT ADDED ENTRY--TOPICAL TERM
Topical Term Photorespiration
650 ## - SUBJECT ADDED ENTRY--TOPICAL TERM
Topical Term Photosynthesis
650 ## - SUBJECT ADDED ENTRY--TOPICAL TERM
Topical Term Plant tissue
650 ## - SUBJECT ADDED ENTRY--TOPICAL TERM
Topical Term Plastid
700 ## - ADDED ENTRY--PERSONAL NAME
Personal name WALKER, David
942 ## - ADDED ENTRY ELEMENTS (KOHA)
Koha item type Books
Holdings
Withdrawn status Lost status Damaged status Not for loan Home library Current library Date acquired Full call number Accession Number Koha item type
        RRII Library RRII Library 16/12/2021 581.132 EDW 17544 Books